Anteproyecto para dos urbanizaciones de bajo ingreso con viviendas de interés social en el municipio de Waslala
Presenta un diagnóstico de las potencialidades y limitantes, así mismo las vías de acceso para los sectores productivos y la reserva de Bosques tropicales de Bosawas. Se desarrolla el diseño urbano de cada urbanización y el diseño arquitectónico de las viviendas típicas.
| Main Authors: | , |
|---|---|
| Other Authors: | |
| Format: | Tesis Section = Libro |
| Language: | Undetermined Spanish |
| Published: |
Managua
UNI
2009
|
| Subjects: |
| LEADER | 01243nam a2200289Ia 4500 | ||
|---|---|---|---|
| 008 | 240830s9999 xx 000 0 und d | ||
| 040 | |a BIBLIOTECA-RUSB/ Mon 728.1 C287 | ||
| 041 | |a spa | ||
| 082 | |a Mon 728.1 C287 | ||
| 100 | 1 | |a Carmona Grillo, Omar Augusto | |
| 100 | 1 | |b Peralta Loáisiga, Edgar Ernesto | |
| 245 | 1 | 0 | |a Anteproyecto para dos urbanizaciones de bajo ingreso con viviendas de interés social en el municipio de Waslala |
| 260 | |a Managua |b UNI |c 2009 | ||
| 300 | |a 60 p. :il. | ||
| 500 | |a Contiene: anexos. | ||
| 502 | |a Tesis (Arquitecto) - UNI, 2009. | ||
| 520 | 3 | |a Presenta un diagnóstico de las potencialidades y limitantes, así mismo las vías de acceso para los sectores productivos y la reserva de Bosques tropicales de Bosawas. Se desarrolla el diseño urbano de cada urbanización y el diseño arquitectónico de las viviendas típicas. | |
| 650 | 7 | |a VIVIENDAS DE INTERES SOCIAL | |
| 650 | 7 | |b VIVIENDAS DE BAJO COSTO | |
| 650 | 7 | |c URBANIZACION-NICARAGUA | |
| 650 | 7 | |d VIVIENDAS-MODELOS | |
| 650 | 7 | |e DISEÑO Y construcción DE VIVIENDAS | |
| 650 | 7 | |f ARQUITECTURA-DISEÑOS Y PLANOS | |
| 700 | 1 | |a Tutor: |b Herrera Montenegro, Juan Francisco | |
| 942 | |c BK |2 ddc | ||
| 991 | |a TESIS | ||
| 999 | |c 21449 | ||